00239nam a2200097Ia 4500008004100000020001900041082001800060100001700078245003600095300001000131210430s9999 xx 000 0 und d a3766-3767-3768 a297.01 I821 I aA.S. Bukhari aIslamic EducationcA.S. Bukhari a495p.